Statistiques concernant Football quiz n°4

Cliquez ici pour prendre le quiz!

Statistiques générales

  • Ce quiz a été pris 158 fois
  • Le résultat moyen est 9 sur 15

Statistiques - réponses

QuestionsRéponses% Correct
Pays vainqueur de l'euro 2004Grèce
89%
Nation la plus sacré en Coupe d'Asie des nationsJapon
81%
Légendaire gardien italien portant le numéro 88 a ses débutsBuffon
80%
Joueur français ayant gagné le prix Puskas avec son coup du scorpionOlivier Giroud
80%
Sélection invaincu de 2018 à 2021Italie
76%
Buteur croate en finale de coupe de monde 2018Perisic
71%
Ville accueillant le final 8 de la ligue des champions lors du Covid19Lisbonne
70%
Centre de formation du FC BarceloneMasia
68%
Champion de France saison 1999/2000AS Monaco
47%
Derby le plus chaud d'Amérique du sudBoca-River
46%
Joueur auteur de la glissade la plus célèbre de premier leagueGerrard
36%
Club surnommé "le sous marin jaune"Villarreal
35%
Ghanéen loupant le pénalty lors de Ghana-Uruguay à la coupe du monde 2010Gyan
33%
Joueur de Dortmund vainqueur du ballon d'or 1996Sammer
28%
Milieu surnommé "La tulipe noire"Gullit
23%

Distribution des résultats

Percentile par nombre de réponses

% des personnes avec chaque résultat

Votre développement - résultats

Vous n’avez pas pris ce quiz